| 000 -LEADER |
| fixed length control field |
02203nam a22002657 4500 |
| 003 - CONTROL NUMBER IDENTIFIER |
| control field |
AR-BaISA |
| 005 - DATE AND TIME OF LATEST TRANSACTION |
| control field |
20220413193612.0 |
| 007 - PHYSICAL DESCRIPTION FIXED FIELD--GENERAL INFORMATION |
| fixed length control field |
ta |
| 008 - FIXED-LENGTH DATA ELEMENTS--GENERAL INFORMATION |
| fixed length control field |
220413s1991 sp ad||| |||| 001 0 spa d |
| 020 ## - INTERNATIONAL STANDARD BOOK NUMBER |
| International Standard Book Number |
9788471123824 |
| 040 ## - CATALOGING SOURCE |
| Language of cataloging |
spa |
| Transcribing agency |
AR-BaISA |
| 082 04 - DEWEY DECIMAL CLASSIFICATION NUMBER |
| Edition number |
22 |
| Classification number |
331.4 F519 |
| 245 00 - TITLE STATEMENT |
| Title |
La mujer en el mundo del trabajo: |
| Remainder of title |
perspectivas psicológicas y organizativas / |
| Statement of responsibility, etc. |
compiladores Jenny Firth-Cozens y Michael A. West; traducción de Guillermo Solana |
| 260 ## - PUBLICATION, DISTRIBUTION, ETC. |
| Place of publication, distribution, etc. |
Madrid: |
| Name of publisher, distributor, etc. |
Morata, |
| Date of publication, distribution, etc. |
1993 |
| 300 ## - PHYSICAL DESCRIPTION |
| Extent |
255 p.: |
| Other physical details |
il., gráfs., tablas |
| 504 ## - BIBLIOGRAPHY, ETC. NOTE |
| Bibliography, etc. note |
Bibliografía al final de cada capítulo. |
| 504 ## - BIBLIOGRAPHY, ETC. NOTE |
| Bibliography, etc. note |
Índice analítico p.: 242-254. |
| 505 ## - FORMATTED CONTENTS NOTE |
| Title |
CUESTIONES GENERALES: |
| -- |
Kate Osborne / El trabajo de las mujeres... nunca termina -- |
| -- |
Janette Webb / Las relaciones de valoración diferenciadas según el género -- |
| -- |
Marylin Aitkenhead y Sonia Liff / La eficacia de las políticas de igualdad de oportunidades -- |
| -- |
Nina L. Colwill y Susan Vinnicombe / Necesidades de formación para mujeres -- |
| -- |
LOS PROBLEMAS TRADICIONALMENTE ASOCIADOS CON LAS MUJERES QUE TRABAJAN FUERA DEL HOGAR: |
| -- |
Janet E. Stockdale / Acoso sexual en el trabajo -- |
| -- |
Jacqueline Bates Gaston / El sistema femenino de reproducción y el trabajo -- |
| -- |
Rosalind S. Bramwell y Marylin J. Davidson / Riesgos laborales de la reproducción -- |
| -- |
Daphne F. Jackson / Problemas con que se enfrentan las mujeres cualificadas que se reincorporan al trabajo -- |
| -- |
EXPERIENCIAS FEMENINAS EN PROFESIONES ESPECÍFICAS: |
| -- |
Sandra M. Simpson / Trabajadoras autónomas -- |
| -- |
Jenny Firth-Cozens / Mujeres médicas -- |
| -- |
Peggy Newton / Informática: ¿una profesión ideal para mujeres? -- |
| -- |
Beverly Alban-Metcalfe y Michael A. West / Mujeres ejecutivas -- |
| -- |
Catherine Cassel / La mujer ante el procesador de textos: tecnología y cambio en la oficina -- |
| -- |
Louise Ricklander / Las mujeres y la política -- |
| -- |
Jenny Firth-Cozens y Michael A. West / Mujeres que trabajan: reflexiones y perspectivas |
| 650 10 - SUBJECT ADDED ENTRY--TOPICAL TERM |
| 9 (RLIN) |
2055 |
| Topical term or geographic name entry element |
Mujeres trabajadoras |
| 650 10 - SUBJECT ADDED ENTRY--TOPICAL TERM |
| 9 (RLIN) |
1762 |
| Topical term or geographic name entry element |
Psicología del trabajo |
| 700 1# - ADDED ENTRY--PERSONAL NAME |
| 9 (RLIN) |
2053 |
| Personal name |
Firth-Cozens, Jenny |
| Relator term |
comp. |
| 700 1# - ADDED ENTRY--PERSONAL NAME |
| 9 (RLIN) |
2054 |
| Personal name |
West, Michael A. |
| Relator term |
comp. |
| 700 1# - ADDED ENTRY--PERSONAL NAME |
| 9 (RLIN) |
2056 |
| Personal name |
Solana, Guillermo |
| Relator code |
trad. |
| 942 ## - ADDED ENTRY ELEMENTS (KOHA) |
| Source of classification or shelving scheme |
|
| Koha item type |
Libros |
| Edition |
22 |